1864 y 1865 (Record no. 154982)

MARC details
000 -LEADER
campo de control de longitud fija 01068nam a22001935i 4500
001 - NÚMERO DE CONTROL
campo de control 154982
003 - IDENTIFICADOR DE NÚMERO DE CONTROL
campo de control ES-MaACL
005 - FECHA Y HORA DE LA ÚLTIMA TRANSACCIÓN
campo de control 20251115063309.0
008 - DATOS DE LONGITUD FIJA--INFORMACIÓN GENERAL
campo de control de longitud fija 020322s1865 sp |||| | spa d
100 1# - ENTRADA PRINCIPAL--NOMBRE DE PERSONA
Nombre de persona Gutiérrez de Alba, José María,
Fechas asociadas al nombre 1822-1897
9 (RLIN) 127661
245 10 - MENCIÓN DEL TÍTULO
Título 1864 y 1865
Resto del título : revista cómico-lírico-fantástica, en un acto y en verso /
Mención de responsabilidad, etc. original de José María Gutierrez de Alba ; música de varios autores.
250 ## - MENCION DE EDICION
Mención de edición 9ª ed.
260 ## - PUBLICACIÓN, DISTRIBUCIÓN, ETC.
Lugar de publicación, distribución, etc. Madrid :
Nombre del editor, distribuidor, etc. [s.n.],
Fecha de publicación, distribución, etc. 1865 (
Fabricante Imp. de José Rodríguez)
300 ## - DESCRIPCIÓN FÍSICA
Extensión 36 p. ;
Dimensiones 20 cm.
500 ## - NOTA GENERAL
Nota general Representada por primera vez en Madrid, en el teatro del Circo en 30 de enero y en el de la Zarzuela en 4 de marzo de 1865, por los primeros actores de ambas compañías.
596 ## - NOTA AL PIE DE IMPRENTA
NOTA AL PIE DE IMPRENTA En p. 5: "... de la galería dramática y lírica titulada El Teatro ..."
852 ## - LOCALIZACIÓN
Ubicación ES-MaACL
Número de control de estantería F-8550(1)
Nota libre - Enc. pasta española
-- - Firma ms. de Gustavo Sáenz Díez, 1877
-- - Enc. en un vol. facticio, formando parte de la col. facticia "Teatro español moderno", v. 2
Holdings
Estatus retirado Estado de pérdida Estado de daño No para préstamo Colección Biblioteca de origen Biblioteca actual Ubicación en estantería Fecha de adquisición Total de préstamos Signatura topográfica completa Código de barras Visto por última vez Precio de reemplazo Tipo de ítem Koha
        Libros del s. XIX Biblioteca del Ateneo de Madrid Biblioteca del Ateneo de Madrid Sala Pecera Planta 2 17/01/2008   F-8550(1) 1162117 23/02/2023 23/02/2023 Libro impreso antiguo